[Event "Moscow"]
[Site "Moscow"]
[Date "2002.??.??"]
[Round "5"]
[White "Vul, Arkadi Eremeevich"]
[Black "Koptsov, Mikhail"]
[Result "1-0"]
[WhiteElo "2474"]
[BlackElo "2365"]
[PlyCount "73"]
[EventDate "2002.11.??"]
[EventType "tourn"]
[EventRounds "14"]
[EventCountry "RUS"]
[EventCategory "7"]
[SourceTitle "EXT 2004"]
[Source "ChessBase"]
[SourceDate "2003.11.25"]
[SourceVersion "1"]
[SourceVersionDate "2003.11.25"]
[SourceQuality "1"]

1. d4 d5 2. c4 e6 3. Nf3 Nf6 4. Nc3 Be7 5. Bf4 0-0 6. e3 c5 7. dxc5 Nc6 8. a3 Bxc5 9. Qc2 d4 10. 0-0-0 Qe7 11. exd4 Nxd4 12. Nxd4 e5 13. Nf5 Bxf5 14. Qxf5 exf4 15. Bd3 g6 16. Qxf4 Nh5 17. Qh6 Bxf2 18. Nd5 Qe5 19. Rhf1 Bd4 20. g4 Qg7 21. Qg5 h6 22. Qe7 Rae8 23. Qh4 Bxb2+ 24. Kb1 Bxa3 25. Qf2 b5 26. cxb5 Qe5 27. Bc4 Qe4+ 28. Qc2 Qxc2+ 29. Kxc2 Re4 30. gxh5 Rxc4+ 31. Kb3 Rc5 32. Kxa3 Rxb5 33. hxg6 Rb7 34. Nf6+ Kg7 35. Nd7 Re8 36. gxf7 Re3+ 37. Ka4 1-0